Raising kingdom attitudes: (Record no. 576958)
[ view plain ]
| 000 -LEADER | |
|---|---|
| fixed length control field | 00575nam a22002057a 4500 |
| 003 - CONTROL NUMBER IDENTIFIER | |
| control field | 330010 |
| 005 - DATE AND TIME OF LATEST TRANSACTION | |
| control field | 20260325131949.0 |
| 008 - FIXED-LENGTH DATA ELEMENTS--GENERAL INFORMATION | |
| fixed length control field | 210927 |
| 020 ## - INTERNATIONAL STANDARD BOOK NUMBER | |
| International Standard Book Number | <a href="9781928448242">9781928448242</a> |
| 040 ## - CATALOGING SOURCE | |
| Transcribing agency | 3228 |
| 041 ## - LANGUAGE CODE | |
| Language | English |
| 082 ## - DEWEY DECIMAL CLASSIFICATION NUMBER | |
| Classification number | 248.4DLAM |
| 942 ## - ADDED ENTRY ELEMENTS | |
| Modifier ID | 416 |
| Modifier Name | Yoliswa Sabana |
| 100 ## - MAIN ENTRY--PERSONAL NAME | |
| Personal name | DLAMINI, Siphetfo |
| 245 ## - TITLE STATEMENT | |
| Title | Raising kingdom attitudes: |
| Cover Title | you are valuable to God in your assignment/ |
| Statement of responsibility, etc. | written by Siphetfo N. Dlamini |
| 260 ## - PUBLICATION, DISTRIBUTION, ETC. | |
| Place of publication, distribution, etc. | South Africa |
| Name of publisher, distributor, etc. | Mbokodo Publishers |
| Date of publication, distribution, etc. | 2019 |
| 300 ## - PHYSICAL DESCRIPTION | |
| Extent | iv,154 p. |
| Dimensions | 21 centimetre |
| 504 ## - BIBLIOGRAPHY, ETC. NOTE | |
| Linkage | bibliography, index |
| Number of references | 2 |
| 650 ## - SUBJECT ADDED ENTRY--TOPICAL TERM | |
| Source of heading or term | Raising kingdom attitude: |
| 942 ## - ADDED ENTRY ELEMENTS | |
| Source of classification or shelving scheme | Dewey Decimal Classification |
| item type | Books |
| Withdrawn status | Lost status | Source of classification or shelving scheme | Damaged status | Not for loan | Home library | Current library | Shelving location | Date acquired | Total Checkouts | Full call number | Barcode | Date last seen | Price effective from | item type | Collection code | Cost, normal purchase price | Inventory number | Copy number |
|---|---|---|---|---|---|---|---|---|---|---|---|---|---|---|---|---|---|---|
| Dewey Decimal Classification | Standerton Regional Library | Leandra | General Stacks | 20.12.2022 | 248.4 DLAM | 33228031012373 | 20.12.2022 | 20.12.2022 | Books | 200: Religion | 150.00 | |||||||
| Dewey Decimal Classification | Mbombela City Library | Mbombela City Library | Non Fiction | 25.03.2026 | 248.4DLAM | 33228031066098 | 25.03.2026 | Books | 200: Religion | 33228031066098 | 1 | |||||||
| Dewey Decimal Classification | RIVERSIDE REFERENCE LIBRARY | RIVERSIDE REFERENCE LIBRARY | General Stacks | 27.09.2021 | 248.4 DLAM | 33228031011980 | 27.09.2021 | 27.09.2021 | Books | |||||||||
| Dewey Decimal Classification | Standerton Regional Library | Sakhile public library | General Stacks | 19.01.2023 | 248.4DLAM | 33228031012755 | 19.01.2023 | 19.01.2023 | Books | 200: Religion | 150.00 | |||||||
| Dewey Decimal Classification | Standerton Regional Library | Standerton Public Library (do not use) | Non Fiction | 27.03.2023 | 248.4 DLAM | 33228031012542 | 27.03.2023 | 27.03.2023 | Books | 100.00 | ||||||||
| Dewey Decimal Classification | LYDENBURG REGIONAL LIBRARY | Thulamahashe | 19.04.2023 | 248.4DLAM | 33228031026918 | 19.04.2023 | 19.04.2023 | Books |